Les pays qui se terminent par NIE - une minute sprint - Statistiques

Statistiques générales
  • Ce quiz a été pris 97 fois
  • Le résultat moyen est 5 sur 10
Statistiques - réponses
pays % Correct
Albanie
73%
Roumanie
64%
Lituanie
59%
Lettonie
56%
Arménie
53%
Estonie
52%
Tanzanie
52%
Slovénie
48%
Mauritanie
34%
Jordanie
27%
Aucun quiz correspondant
Distribution des résultats
% des personnes avec chaque résultat
Percentile par nombre de réponses
Votre historique - résultats
Vous n’avez pas pris ce quiz